Population True or False #2 - Statistics

General Stats
  • This quiz has been taken 23 times
  • The average score is 11 of 15
Answer Stats
Question Answer % Correct
Egypt has a larger population then Japan False
100%
Germany has the highest population of any country in Europe False
100%
India has the highest population of any country in the world True
100%
Qatar has a larger population then Bosnia and Herzegovina False
83%
Italy has a larger population then Kenya True
83%
Bangladesh is one of the 10 most populous countries in the world True
83%
The Vatican has the smallest population of any country in the world True
83%
Andorra has a larger population then Palau True
83%
Russia has a larger population then Brazil False
67%
Spain has a larger population then Uganda False
67%
Pakistan has a larger population then Nigeria True
67%
Malta has a larger population then Luxembourg False
50%
Yemen has a larger population then Saudi Arabia True
50%
Nauru has a larger population then Tuvalu True
33%
France is one of the top 20 most populous countries in the world False
17%
No matching quizzes found
Score Distribution
Percent of People with Each Score
Percentile by Number Answered
Your Score History
You have not taken this quiz